000 00642nam a2200241 i 4500
001 C2-0076234
003 PPAK
005 20180727082022.0
008 970429s1990 at |||| ||||| | eng d
020 _a1863500472
040 _aPPAK
_beng
_cPPAK
_erda
082 0 4 _a658.84
_223
090 0 0 _a658.84
_bCLY
_dG
100 1 _aClynes, Geoff,
_eauthor
245 1 4 _aThe Australian telemarketing handbook
264 1 _aMelbourne :
_bBusiness Library ,
_c1990
300 _a158 pages ;
_c22 cm
336 _2rdacontent
_atext
337 _2rdamedia
_aunmediated
338 _2rdacarrier
_avolume
650 1 0 _aTelemarketing
942 _ddc
_cB
999 _c11740
_d11740